[Event "6th Zurich Opening Blitz"]
[Site "Zurich SUI"]
[Date "2017.04.12"]
[Round "3.2"]
[White "Oparin, Grigoriy"]
[Black "Pelletier, Yannick"]
[Result "1-0"]
[WhiteTitle "GM"]
[BlackTitle "GM"]
[WhiteElo "2604"]
[BlackElo "2541"]
[WhiteFideId "24125890"]
[BlackFideId "1301837"]
[EventDate "2017.04.12"]

1. e4 e6 2. d4 d5 3. Nc3 dxe4 4. Nxe4 Nd7 5. Nf3 Ngf6 6. Bg5 h6 7. Nxf6+ Nxf6 8.
Be3 Bd6 9. Bd3 O-O 10. Qe2 b6 11. O-O-O Bb7 12. Kb1 Nd5 13. Bc1 Nf4 14. Bxf4
Bxf4 15. Be4 Bxe4 16. Qxe4 Qf6 17. Rhe1 Rad8 18. c3 a5 19. g3 Bd6 20. a4 Qf5 21.
Qxf5 exf5 22. Kc2 g6 23. Re2 Rfe8 24. Rde1 Rxe2+ 25. Rxe2 Kg7 26. Nd2 f4 27. g4
Rh8 28. h4 Kf8 29. Nf3 Kg7 30. Kd3 Rb8 31. Nd2 Rd8 32. Kc4 c6 33. b4 axb4 34.
cxb4 b5+ 35. axb5 cxb5+ 36. Kxb5 Rb8+ 37. Kc6 Bxb4 38. Nf3 Rd8 39. Re4 Bd6 40.
Re1 Kf6 41. Rb1 Be7 42. Kc7 Rd5 43. Rb6+ Kg7 44. Kc6 Rd6+ 45. Kb5 Rd8 46. Kc4 h5
47. gxh5 gxh5 48. Kd3 Rd6 49. Rxd6 Bxd6 50. Ke4 Kg6 51. Ne5+ Kf6 52. Nd3 Be7 53.
Nxf4 Kg7 54. Nxh5+ Kf8 55. f3 Bxh4 56. Nf4 Ke7 57. Nd3 Bf6 58. Kd5 Bg7 59. Ne5
Bh8 60. Ng4 Bg7 61. Kc5 Kd7 62. Kd5 Ke7 63. Ne3 Bh8 64. Nf5+ Kd7 65. Ke4 Bf6 66.
d5 Bb2 67. Kf4 Bc1+ 68. Kg4 Bd2 69. Kg3 Bc1 70. Kf2 Bd2 71. Ke2 Bf4 72. Kd3 Bc1
73. Ke4 Bd2 74. Nd4 Kd6 75. Nb5+ Kd7 76. Kf5 Ke7 77. d6+ Ke8 78. Ke5 Be1 79. Kd5
Kd7 80. Na3 Bb4 81. Nc4 Bc3 82. Nb6+ Kd8 83. Kc6 Bd4 84. Nc4 Bc3 85. Ne3 Be5 86.
Nd5 Bd4 87. Nf4 Bc3 88. Nd3 Bd4 89. Nc5 Bc3 90. Nb7+ 1-0